00379pab a2200133 454500008004000000100002300040245005700063260000900120300001500129362001200144650001900156650002600175773004400201180718b1983 xxu||||| |||| 00| 0 eng d aMukhopadhyay, Asok aAdministrative accountability: A conceptual analysis c1983 ap.473-487. aJul-Sep aAccountability aPublic administration aIndian Journal of Public Administration